000 00763pam a2200217 a 4500
020 _a0135205298
082 0 0 _a720.284
_bMUL
_cN-01, P-111
100 1 _aMuller, Edward John,
_945623
245 1 0 _aArchitectural drawing and light construction /
_cEdward J. Muller, James G. Fausett, Philip A. Grau III.
250 _a5th ed.
260 _aUpper Saddle River, N.J. :
_bPrentice Hall,
_cc1999.
300 _ax, 776 p. :
_bill. ;
_c29 cm.
526 _a0
_b0
_c0
_d720_284000000000000_MUL
650 0 _aArchitectural drawing.
_925520
650 0 _aBuilding
_xEquipment and supplies
_xDrawings.
_945624
650 0 _aComputer-aided design.
_910558
650 0 _aMCE
_9379
700 1 _aFausett, James G.
_945625
700 1 _aGrau, Philip A.,
_945626
942 _2ddc
_cBK
999 _c549103
_d549103